| Tag |
First Indicator |
Second Indicator |
Subfields |
| LEADER |
00000nam a2200000 i 4500 |
| 001 |
in00005506521 |
| 006 |
m o d |
| 007 |
cr cnu---unuuu |
| 008 |
240430s2024 tnu ob 001 0 eng |
| 005 |
20241014131647.4 |
| 010 |
|
|
|a 2024011661
|
| 020 |
|
|
|a 9780826507037
|q electronic book
|
| 020 |
|
|
|a 0826507034
|q electronic book
|
| 020 |
|
|
|a 9780826507020
|q electronic book
|
| 020 |
|
|
|a 0826507026
|q electronic book
|
| 020 |
|
|
|z 9780826507006
|q paperback
|
| 020 |
|
|
|z 9780826507013
|q hardcover
|
| 035 |
|
|
|a (DLC)jstor22573/CATS19977511
|
| 037 |
|
|
|a 22573/cats19977511
|b JSTOR
|
| 040 |
|
|
|a NhCcYBP
|c NhCcYBP
|
| 042 |
|
|
|a pcc
|
| 043 |
|
|
|a a-ja---
|
| 050 |
|
4 |
|a HV9812
|b .D36 2024
|
| 072 |
|
7 |
|a SOC
|x 002010
|2 bisacsh
|
| 072 |
|
7 |
|a SOC
|x 013000
|2 bisacsh
|
| 072 |
|
7 |
|a SOC
|x 006000
|2 bisacsh
|
| 082 |
0 |
0 |
|a 365/.608460952
|2 23/eng/20240430
|
| 100 |
1 |
|
|a Danely, Jason,
|e author.
|
| 245 |
1 |
0 |
|a Unsettled futures :
|b carceral circuits and old age in Japan /
|c Jason Danely.
|
| 264 |
|
1 |
|a Nashville, Tennessee :
|b Vanderbilt University Press,
|c [2024]
|
| 300 |
|
|
|a 1 online resource.
|
| 336 |
|
|
|a text
|b txt
|2 rdacontent
|
| 337 |
|
|
|a computer
|b c
|2 rdamedia
|
| 338 |
|
|
|a online resource
|b cr
|2 rdacarrier
|
| 504 |
|
|
|a Includes bibliographical references and index.
|
| 588 |
|
|
|a Description based on online resource; title from digital title page (viewed on October 07, 2024).
|
| 650 |
|
0 |
|a Older prisoners
|z Japan.
|
| 650 |
|
0 |
|a Ex-convicts
|z Japan
|x Social conditions.
|
| 650 |
|
0 |
|a Recidivism
|z Japan.
|
| 650 |
|
0 |
|a Older people
|z Japan
|x Social conditions.
|
| 655 |
|
7 |
|a Electronic books.
|2 local
|
| 776 |
1 |
8 |
|i Print version:
|a Danely, Jason.
|t Unsettled futures
|d Nashville, Tennessee : Vanderbilt University Press, [2024]
|z 9780826507006
|w (DLC) 2024011660
|
| 856 |
4 |
0 |
|u http://proxy.library.tamu.edu/login?url=https://www.jstor.org/stable/10.2307/jj.19985112
|z Connect to the full text of this electronic book
|t 0
|
| 955 |
|
|
|a JSTOR DDA record
|
| 999 |
f |
f |
|s eb25a7ce-6762-4ad8-9b54-b3a98c63f628
|i f482fe8d-b46a-4a07-9633-fe84e9e35240
|t 0
|
| 952 |
f |
f |
|a Texas A&M University
|b College Station
|c Electronic Resources
|d Available Online
|t 0
|e HV9812 .D36 2024
|h Library of Congress classification
|
| 998 |
f |
f |
|a HV9812 .D36 2024
|t 0
|l Available Online
|